Edificaciones industriales

Saved in:
Bibliografiske detaljer
Hovedforfatter: Henn, Walter (Author)
Format: Bog
Sprog:spansk
Udgivet: Barcelona Gustavo Gili 1966
Fag:
Tags: Tilføj Tag
Ingen Tags, Vær først til at tagge denne postø!

MARC

LEADER 00000nam a2200000 a 4500
001 UCU7323
003 CL-VaPUC
008 960628e19660000SP |||||||||||||||||spa|d
082 0 4 |a 690.54  |b HEN  |2 21 
100 |a Henn, Walter  |e author  |9 366393 
245 1 0 |a Edificaciones industriales 
300 |a 2 v 
942 |c BK 
945 |d 19960628 00:00:00  |a paguirre 
260 |a Barcelona  |b Gustavo Gili  |c 1966 
500 |a v.2: Proyectos y construcciones 
650 0 |a Construcción  |9 260195 
650 0 |a Edificios   |9 260501 
650 7 |a EDIFICIOS INDUSTRIALES  |2 CL-VaPUC  |9 268172 
650 0 |a Plantas industriales  |9 364524 
650 0 |a Elementos estructurales  |9 350100 
650 7 |a ILUMINACION INDUSTRIAL  |2 CL-VaPUC  |9 363116 
650 7 |a ELEVADORES  |2 CL-VaPUC  |9 363857 
650 0 |a Ascensores  |9 267480 
650 7 |a PUERTAS  |2 CL-VaPUC  |9 365498 
650 7 |a TECNOLOGIA DE LA CONSTRUCCION  |2 CL-VaPUC  |9 260196 
583 |a last modification  |c 19960628 00:00:00  |k Rodrigo Vera 
999 |c 249986  |d 249984 
952 |0 0  |1 0  |4 0  |6 690_540000000000000_HEN_1966  |7 0  |8 A  |9 267609  |a BIBING  |b BIBING  |d 2019-11-19  |h v.2  |i 1698028  |o 690.54 HEN 1966  |p 1698028  |r 2025-01-20  |w 2019-11-19  |y BK  |k CCL